[Event "Grand Slam Masters Final 2012"]
[Site "Bilbao ESP"]
[Date "2012.09.26"]
[Round "3"]
[White "Carlsen, M."]
[Black "Karjakin, Sergey"]
[Result "1/2-1/2"]
[WhiteElo "2843"]
[BlackElo "2778"]
[PlyCount "134"]
[EventDate "2012.09.24"]

1. d4 Nf6 2. c4 e6 3. Nf3 b6 4. g3 Ba6 5. Nbd2 d5 6. Bg2 Be7 7. O-O O-O 8. Ne5
c5 9. dxc5 Qc7 10. Ndf3 bxc5 11. cxd5 Nxd5 12. Qc2 Nc6 13. Nxc6 Qxc6 14. Bg5 f6
15. Bd2 Qb6 16. Rfe1 Rfd8 17. a3 Rab8 18. Rab1 Bf8 19. h4 Qb3 20. Qe4 Nb6 21.
Bc3 Bb7 22. Qg4 e5 23. Nd2 Qf7 24. Bxb7 Rxb7 25. Nf1 Nc4 26. Red1 Rdb8 27. Qe4
Nd6 28. Qc2 Qg6 29. Qxg6 hxg6 30. Nd2 Kf7 31. e3 Nb5 32. Ba5 Nd6 33. Rbc1 Rb5
34. Bc7 R8b7 35. Bxd6 Bxd6 36. Nc4 Be7 37. e4 Ke6 38. Kg2 Rb8 39. Rd2 Rd8 40.
Rxd8 Bxd8 41. Rd1 Be7 42. Rd3 Rb8 43. Kf3 Rb7 44. Ke2 Rb8 45. Kd2 f5 46. Rd5
Rd8 47. Rxd8 Bxd8 48. Kd3 f4 49. Ke2 g5 50. gxf4 exf4 51. hxg5 Bxg5 52. Kf3 Bh4
53. a4 a6 54. b3 g5 55. Na5 Ke5 56. Nc6+ Kd6 57. Na5 Ke5 58. Nc4+ Kd4 59. a5
Bxf2 60. Kxf2 Kxe4 61. Nd6+ Kd5 62. Ne8 Kc6 63. Nf6 Kb5 64. Ne4 g4 65. Ke2 Kxa5
66. Nxc5 Kb4 67. Nxa6+ Kxb3 1/2-1/2

[Event "Grand Slam Masters Final 2012"]
[Site "Bilbao ESP"]
[Date "2012.09.28"]
[Round "4"]
[White "Karjakin, Sergey"]
[Black "Anand, V."]
[Result "1/2-1/2"]
[WhiteElo "2778"]
[BlackElo "2780"]
[PlyCount "61"]
[EventDate "2012.09.24"]

1. d4 d5 2. c4 c6 3. Nf3 Nf6 4. e3 Bf5 5. Nc3 a6 6. Bd3 Bxd3 7. Qxd3 e6 8. O-O
Bb4 9. a3 Be7 10. e4 dxe4 11. Nxe4 Nxe4 12. Qxe4 Nd7 13. Bf4 O-O 14. Rad1 Re8
15. Rd3 Nf8 16. Rb3 Qc8 17. Rc1 Ng6 18. Bg3 Qd7 19. h4 h5 20. Ne5 Nxe5 21. Bxe5
f6 22. Bg3 Bf8 23. Rd3 Qf7 24. Bf4 Rad8 25. Rcd1 Bd6 26. Bxd6 Rxd6 27. a4 Red8
28. b3 R6d7 29. R1d2 Rd6 30. Rd1 R6d7 31. R1d2 1/2-1/2

[Event "Grand Slam Masters Final 2012"]
[Site "Bilbao ESP"]
[Date "2012.09.28"]
[Round "4"]
[White "Carlsen, M."]
[Black "Aronian, L."]
[Result "1/2-1/2"]
[WhiteElo "2843"]
[BlackElo "2816"]
[PlyCount "95"]
[EventDate "2012.09.24"]

1. e4 e5 2. Nf3 Nc6 3. Bb5 Nf6 4. d3 Bc5 5. Bxc6 dxc6 6. Nbd2 Be6 7. O-O Bd6 8.
b3 Nd7 9. Nc4 Bxc4 10. bxc4 O-O 11. Rb1 b6 12. g3 f5 13. exf5 Rxf5 14. Qe2 Nc5
15. Be3 Ne6 16. Nd2 Qf6 17. Qg4 Rf8 18. Ne4 Qf7 19. a4 h5 20. Qe2 Be7 21. a5
Qg6 22. axb6 axb6 23. Kh1 Rf3 24. Rbe1 Bb4 25. Ra1 Qg4 26. Qd1 Qh3 27. Bf4 Bc3
28. Qxf3 Bxa1 29. Qg2 Qf5 30. Bd2 Bd4 31. h3 Bc5 32. Bc3 Be7 33. Re1 b5 34. Kg1
b4 35. Bb2 Bd6 36. h4 Be7 37. Kh2 Ra8 38. Ra1 Rxa1 39. Bxa1 Nc5 40. Nd2 Bf6 41.
Bb2 b3 42. Nxb3 Nxb3 43. cxb3 Qxd3 44. Qxc6 Qc2 45. Qe8+ Kh7 46. Qxh5+ Kg8 47.
Qe8+ Kh7 48. Qh5+ 1/2-1/2

[Event "Grand Slam Masters Final 2012"]
[Site "Bilbao ESP"]
[Date "2012.09.29"]
[Round "5"]
[White "Anand, V."]
[Black "Carlsen, M."]
[Result "1/2-1/2"]
[WhiteElo "2780"]
[BlackElo "2843"]
[PlyCount "115"]
[EventDate "2012.09.24"]

1. d4 Nf6 2. c4 e6 3. Nf3 b6 4. g3 Bb7 5. Bg2 Be7 6. O-O O-O 7. Nc3 Ne4 8. Bd2
Bf6 9. Qc2 Nxd2 10. Qxd2 d6 11. e4 Nd7 12. Rad1 g6 13. h4 Qe7 14. Rfe1 Bg7 15.
Qc2 c5 16. b3 cxd4 17. Nxd4 a6 18. Qd2 Rfd8 19. Qe3 Rab8 20. Rd2 Nf6 21. Bf3
Qc7 22. Red1 Nd7 23. Bg2 Rbc8 24. Bh3 Re8 25. Nde2 Bf8 26. h5 Nf6 27. hxg6 hxg6
28. Bg2 Ba8 29. Bf3 Qc5 30. Qxc5 Rxc5 31. Na4 Rc7 32. Nxb6 Bxe4 33. Kg2 Rb8 34.
Na4 d5 35. cxd5 Bxf3+ 36. Kxf3 Nxd5 37. Nf4 Nxf4 38. gxf4 Rb5 39. Nb2 Rf5 40.
Nc4 g5 41. Rd4 Kg7 42. Rg1 Bc5 43. Re4 Kf6 44. Rxg5 Rxg5 45. fxg5+ Kxg5 46. Ne3
Ba7 47. Rc4 Rxc4 48. Nxc4 Kf6 49. b4 e5 50. a4 Ke6 51. b5 e4+ 52. Kxe4 axb5 53.
axb5 Bxf2 54. b6 f5+ 55. Kf3 Bxb6 56. Nxb6 f4 57. Nd5 Kxd5 58. Kxf4 1/2-1/2

[Event "Grand Slam Masters Final 2012"]
[Site "Bilbao ESP"]
[Date "2012.09.29"]
[Round "5"]
[White "Vallejo Pons, F."]
[Black "Karjakin, Sergey"]
[Result "1/2-1/2"]
[WhiteElo "2697"]
[BlackElo "2778"]
[PlyCount "109"]
[EventDate "2012.09.24"]

1. e4 e5 2. Nf3 Nc6 3. Bb5 Nf6 4. d3 Bc5 5. c3 O-O 6. O-O d6 7. Nbd2 Ne7 8. d4
exd4 9. cxd4 Bb6 10. Bd3 Bg4 11. h3 Bh5 12. Nb3 d5 13. e5 Ne4 14. Qc2 Nc6 15.
Bxe4 dxe4 16. Qxe4 Bxf3 17. Qxf3 Nxd4 18. Qxb7 Nxb3 19. axb3 Qd3 20. Qf3 Rad8
21. Ra3 Qxf3 22. gxf3 f6 23. exf6 Rxf6 24. b4 Rd4 25. Rb3 Rc4 26. f4 Rg6+ 27.
Kh1 Bxf2 28. Rxf2 Rxc1+ 29. Kh2 Kf7 30. Rc3 Rc6 31. Rxc1 Rxc1 32. b3 Kf6 33.
Ra2 Kf5 34. Rxa7 Kxf4 35. Ra2 Ke3 36. Kg2 h5 37. h4 Kf4 38. Ra5 Rc2+ 39. Kf1 g6
40. Rg5 Kf3 41. Kg1 Rc6 42. Kh2 Kf4 43. b5 Rc2+ 44. Kh3 Rc3+ 45. Kh2 Rxb3 46.
Rxg6 Rxb5 47. Rc6 Rb2+ 48. Kh3 Rb3+ 49. Kh2 Rb7 50. Rc5 Kg4 51. Rc4+ Kf3 52.
Rc5 Kg4 53. Rc4+ Kf3 54. Rc5 Kg4 55. Rc4+ 1/2-1/2

[Event "Grand Slam Masters Final 2012"]
[Site "Bilbao ESP"]
[Date "2012.09.29"]
[Round "5"]
[White "Aronian, L."]
[Black "Caruana, F."]
[Result "1/2-1/2"]
[WhiteElo "2816"]
[BlackElo "2773"]
[PlyCount "146"]
[EventDate "2012.09.24"]

1. Nf3 c5 2. c4 Nc6 3. e3 Nf6 4. Nc3 g6 5. d4 cxd4 6. exd4 d5 7. cxd5 Nxd5 8.
Qb3 e6 9. Bb5 Bg7 10. O-O O-O 11. Bxc6 bxc6 12. Na4 Ba6 13. Re1 Nb6 14. Nc5 Bc4
15. Qc3 Bd5 16. Ne5 Qh4 17. b3 Rfe8 18. f3 f6 19. Ng4 h5 20. Nf2 f5 21. Bb2
Rad8 22. Qe3 g5 23. g3 f4 24. Qxe6+ Rxe6 25. gxh4 Rg6 26. Nh3 gxh4+ 27. Kf2 Rf6
28. Re5 Nd7 29. Nxd7 Rxd7 30. Rg1 Rff7 31. Ba3 Rd8 32. Bc5 a5 33. Rxh5 Re8 34.
Rxh4 Re3 35. Ng5 Rc3 36. Ke2 Rd7 37. Kd2 Rxc5 38. dxc5 Bxb3+ 39. Kc1 Bxa2 40.
Ne4 Rb7 41. Nc3 Bb3 42. Rxf4 a4 43. Nxa4 Kh7 44. Rxg7+ Rxg7 45. Kb2 Bd5 46. Nb6
Be6 47. Kc3 Rg5 48. Kb4 Kg7 49. Nc4 Rg1 50. Ne3 Rc1 51. h4 Kg6 52. Ng4 Bd5 53.
Ne5+ Kg7 54. h5 Re1 55. h6+ Kxh6 56. Rf5 Kg7 57. f4 Rb1+ 58. Kc3 Rb3+ 59. Kd4
Rb4+ 60. Ke3 Rb3+ 61. Kf2 Rc3 62. Nd7 Kg6 63. Rf8 Ra3 64. Nb6 Be4 65. Ke2 Bf5
66. Rd8 Be4 67. Nc4 Rc3 68. Rd4 Bd5 69. Ne5+ Kf5 70. Nd7 Be6 71. Kd2 Rf3 72.
Nb8 Bd5 73. Na6 Rxf4 1/2-1/2

[Event "Grand Slam Masters Final 2012"]
[Site "Sao Paulo/Bilbao BRA/ESP"]
[Date "2012.10.08"]
[Round "6"]
[White "Carlsen, Magnus"]
[Black "Caruana, Fabiano"]
[Result "1-0"]
[WhiteElo "2843"]
[BlackElo "2773"]
[PlyCount "131"]
[EventDate "2012.09.24"]

1. e4 e6 2. d3 d5 3. Nd2 Nf6 4. Ngf3 Nc6 5. c3 Bd6 6. Be2 O-O 7. O-O a5 8. Re1
e5 9. exd5 Nxd5 10. Nc4 Re8 11. Bf1 Bg4 12. h3 Bh5 13. g3 Nb6 14. Nxb6 cxb6 15.
Bg2 b5 16. a4 b4 17. Be3 Bc7 18. Qb3 h6 19. Qc4 bxc3 20. bxc3 e4 21. dxe4 Bxf3
22. Bxf3 Ne5 23. Qe2 Nxf3+ 24. Qxf3 Qd3 25. Kg2 Qxe4 26. Bd4 Qxf3+ 27. Kxf3 b6
28. Rab1 Rac8 29. Re4 g6 30. g4 Kf8 31. h4 Rxe4 32. Kxe4 Re8+ 33. Kd3 Re6 34.
Be3 Kg7 35. Rb5 Bd8 36. h5 Rd6+ 37. Kc4 Rc6+ 38. Kd5 Re6 39. Bd4+ Kf8 40. f4
Bc7 41. f5 Rd6+ 42. Ke4 Rc6 43. Rb1 Ke8 44. hxg6 fxg6 45. Rh1 Kf7 46. Kd5 Rd6+
47. Kc4 gxf5 48. gxf5 Bd8 49. f6 Bxf6 50. Rxh6 Be7 51. Rxd6 Bxd6 52. Kb5 Ke6
53. Bxb6 Kd7 54. c4 Kc8 55. Bxa5 Kb7 56. Bb4 Bf4 57. c5 Ka7 58. c6 Kb8 59. a5
Ka7 60. a6 Ka8 61. Bc5 Bb8 62. Kc4 Bc7 63. Kd5 Bd8 64. Ke6 Bc7 65. Kd7 Ba5 66.
Be7 1-0

[Event "Grand Slam Masters Final 2012"]
[Site "Sao Paulo/Bilbao BRA/ESP"]
[Date "2012.10.08"]
[Round "6"]
[White "Karjakin, Sergey"]
[Black "Aronian, Levon"]
[Result "1/2-1/2"]
[WhiteElo "2778"]
[BlackElo "2816"]
[PlyCount "66"]
[EventDate "2012.09.24"]

1. e4 e5 2. Nf3 Nc6 3. Bb5 a6 4. Ba4 Nf6 5. O-O Be7 6. Re1 b5 7. Bb3 O-O 8. c3
d5 9. exd5 Nxd5 10. Nxe5 Nxe5 11. Rxe5 c6 12. d4 Bd6 13. Re1 Qh4 14. g3 Qh3 15.
Qe2 Bg4 16. Qf1 Qh5 17. Nd2 Rae8 18. f3 Bh3 19. Qf2 Rxe1+ 20. Qxe1 Bf4 21. Bxd5
Bxd2 22. Bxd2 Qxd5 23. Qe4 Qd7 24. Re1 Be6 25. Bf4 Re8 26. Qe5 f6 27. Qd6 Qxd6
28. Bxd6 Kf7 29. b3 Bf5 30. Kf2 Rxe1 31. Kxe1 a5 32. Kd2 Be6 33. Kd3 Bf5+
1/2-1/2

[Event "Grand Slam Masters Final 2012"]
[Site "Sao Paulo/Bilbao BRA/ESP"]
[Date "2012.10.08"]
[Round "6"]
[White "Vallejo Pons, Francisco"]
[Black "Anand, Viswanathan"]
[Result "1/2-1/2"]
[WhiteElo "2697"]
[BlackElo "2780"]
[PlyCount "77"]
[EventDate "2012.09.24"]

1. e4 e5 2. Nf3 Nc6 3. Bb5 a6 4. Ba4 Nf6 5. O-O b5 6. Bb3 Bc5 7. a4 Rb8 8. c3
d6 9. d4 Bb6 10. Na3 O-O 11. axb5 axb5 12. Nxb5 Bg4 13. Bc2 exd4 14. Nbxd4 Nxd4
15. cxd4 Bxf3 16. gxf3 Nh5 17. Ra4 Qf6 18. e5 dxe5 19. dxe5 Qxe5 20. f4 Qb5 21.
Bd3 Qc5 22. Rc4 Qd6 23. Bxh7+ Kxh7 24. Qxh5+ Kg8 25. Qf3 Rfd8 26. f5 Qd3 27.
Qxd3 Rxd3 28. Bf4 f6 29. Bxc7 Bxc7 30. Rxc7 Rxb2 31. Ra1 Rf3 32. Raa7 Rbxf2 33.
Rxg7+ Kh8 34. Rh7+ Kg8 35. Rhg7+ Kh8 36. Rgb7 Rf1+ 37. Kg2 R1f2+ 38. Kg1 Rf1+
39. Kg2 1/2-1/2

[Event "Grand Slam Masters Final 2012"]
[Site "Sao Paulo/Bilbao BRA/ESP"]
[Date "2012.10.09"]
[Round "7"]
[White "Carlsen, M."]
[Black "Vallejo Pons, F."]
[Result "1-0"]
[WhiteElo "2843"]
[BlackElo "2697"]
[PlyCount "84"]
[EventDate "2012.09.24"]

1. e4 e6 2. d4 d5 3. Nc3 Bb4 4. exd5 exd5 5. Bd3 Nf6 6. Nge2 Bg4 7. O-O O-O 8.
f3 Bh5 9. Nf4 Bg6 10. Nxg6 hxg6 11. Ne2 Re8 12. Bg5 Be7 13. Ng3 Nbd7 14. f4 Nh7
15. Qf3 c6 16. h4 Ndf8 17. Rae1 Qc7 18. Bxe7 Rxe7 19. Re5 f6 20. Rxe7 Qxe7 21.
h5 gxh5 22. Qxh5 Qf7 23. Qg4 g6 24. Nf5 Kh8 25. Nh4 f5 26. Qh3 Qe6 27. Kf2 Re8
28. Nf3 Re7 29. Ne5 Nd7 30. Rh1 Nxe5 31. dxe5 c5 32. b3 c4 33. bxc4 dxc4 34.
Be2 g5 35. g3 Qb6+ 36. Kg2 Qe3 37. Kf1 Rf7 38. Qh5 Qxg3 39. Qxf7 Qxf4+ 40. Kg2
Qe4+ 41. Bf3 Qxc2+ 42. Kg3 f4+ 1-0

[Event "Grand Slam Masters Final 2012"]
[Site "Sao Paulo/Bilbao BRA/ESP"]
[Date "2012.10.09"]
[Round "7"]
[White "Aronian, L."]
[Black "Anand, V."]
[Result "1/2-1/2"]
[WhiteElo "2816"]
[BlackElo "2780"]
[PlyCount "66"]
[EventDate "2012.09.24"]

1. d4 Nf6 2. c4 e6 3. Nf3 d5 4. Nc3 Bb4 5. Bg5 h6 6. Bxf6 Qxf6 7. e3 O-O 8. Rc1
dxc4 9. Bxc4 c5 10. dxc5 Bxc5 11. O-O Qe7 12. Ne4 Rd8 13. Qc2 Bb6 14. Rfd1 Nc6
15. Rxd8+ Nxd8 16. Ne5 Bd7 17. Nxd7 Qxd7 18. Rd1 Qc7 19. g3 Nc6 20. Bb5 Rc8 21.
Rc1 Ne7 22. Qxc7 Rxc7 23. Rxc7 Bxc7 24. Nc5 b6 25. Nd3 g5 26. Kf1 Kg7 27. Ke2
f5 28. Kd2 Kf6 29. Kc3 Ng6 30. f4 gxf4 31. exf4 e5 32. fxe5+ Nxe5 33. Nxe5 Kxe5
1/2-1/2

[Event "Grand Slam Masters Final 2012"]
[Site "Sao Paulo/Bilbao BRA/ESP"]
[Date "2012.10.09"]
[Round "7"]
[White "Caruana, F."]
[Black "Karjakin, Sergey"]
[Result "1/2-1/2"]
[WhiteElo "2773"]
[BlackElo "2778"]
[PlyCount "80"]
[EventDate "2012.09.24"]

1. e4 e5 2. Nf3 Nc6 3. Bb5 Nf6 4. O-O Nxe4 5. d4 Nd6 6. Bxc6 dxc6 7. dxe5 Nf5
8. Qxd8+ Kxd8 9. Nc3 Ke8 10. h3 h5 11. Bf4 Be7 12. Rad1 Be6 13. Ng5 Rh6 14.
Rfe1 Bb4 15. g4 hxg4 16. Nxe6 Rxe6 17. hxg4 Ne7 18. Kg2 Bxc3 19. bxc3 Nd5 20.
Bd2 b5 21. f4 Kd7 22. f5 Ree8 23. Re4 g6 24. Rf1 gxf5 25. Rxf5 f6 26. Kf3 Rxe5
27. Rexe5 fxe5 28. Rxe5 a5 29. g5 Rf8+ 30. Kg2 Ne7 31. Re4 Ng6 32. Kg3 Rf5 33.
Bf4 Nxf4 34. Kg4 Rxg5+ 35. Kxg5 Nd5 36. c4 Nb4 37. cxb5 cxb5 38. c4 Nxa2 39.
cxb5 Nc3 40. Rc4 Nxb5 1/2-1/2

[Event "Grand Slam Masters Final 2012"]
[Site "Sao Paulo/Bilbao BRA/ESP"]
[Date "2012.10.11"]
[Round "8"]
[White "Karjakin, Sergey"]
[Black "Carlsen, Magnus"]
[Result "1/2-1/2"]
[WhiteElo "2778"]
[BlackElo "2843"]
[PlyCount "70"]
[EventDate "2012.09.24"]

1. e4 e6 2. d4 d5 3. Nc3 Bb4 4. e5 Ne7 5. a3 Bxc3+ 6. bxc3 c5 7. Qg4 O-O 8. Bd3
f5 9. exf6 Rxf6 10. Bg5 Rf7 11. Qh5 g6 12. Qd1 Qa5 13. Bd2 Nd7 14. Nf3 c4 15.
Be2 Nc6 16. Ng5 Re7 17. f4 Nf6 18. O-O Bd7 19. a4 Rf8 20. Bf3 Nd8 21. Qc1 Nf7
22. Qa3 Ree8 23. Nxf7 Rxf7 24. Rfe1 Bc6 25. Qb4 Qxb4 26. cxb4 Ne4 27. Bxe4 dxe4
28. c3 Bd5 29. Be3 Kf8 30. h3 Ke7 31. Kh2 h5 32. h4 Rf5 33. Kg3 Rg8 34. Kh2 Re8
35. Kg3 Rg8 1/2-1/2

[Event "Grand Slam Masters Final 2012"]
[Site "Sao Paulo/Bilbao BRA/ESP"]
[Date "2012.10.11"]
[Round "8"]
[White "Anand, Viswanathan"]
[Black "Caruana, Fabiano"]
[Result "1/2-1/2"]
[WhiteElo "2780"]
[BlackElo "2773"]
[PlyCount "90"]
[EventDate "2012.09.24"]

1. d4 Nf6 2. c4 g6 3. f3 d5 4. cxd5 Nxd5 5. e4 Nb6 6. Nc3 Bg7 7. Be3 Nc6 8. d5
Ne5 9. Bd4 O-O 10. f4 Ng4 11. Nf3 Nf6 12. Qd2 e6 13. dxe6 Bxe6 14. O-O-O c5 15.
Be5 Qxd2+ 16. Rxd2 Rfd8 17. Bd3 Ng4 18. Bxg7 Kxg7 19. Re1 Bc4 20. h3 Nf6 21.
Red1 Re8 22. Bc2 Nh5 23. f5 gxf5 24. exf5 Ng3 25. Rd6 f6 26. Nd2 Bf7 27. a4 Bh5
28. Rg1 Rad8 29. Nde4 Rxd6 30. Nxd6 Re5 31. Nde4 Nxe4 32. Nxe4 Be8 33. Nc3 Bc6
34. g4 Nc4 35. Bd3 Ne3 36. Rg3 b6 37. Kd2 Nd5 38. Bb5 Nxc3 39. Rxc3 Bxb5 40.
axb5 c4 41. Rxc4 Rxb5 42. Rc7+ Kg8 43. Kc3 a5 44. Rc8+ Kf7 45. Rc7+ Kg8 1/2-1/2

[Event "Grand Slam Masters Final 2012"]
[Site "Sao Paulo/Bilbao BRA/ESP"]
[Date "2012.10.11"]
[Round "8"]
[White "Vallejo Pons, Francisco"]
[Black "Aronian, Levon"]
[Result "1/2-1/2"]
[WhiteElo "2697"]
[BlackElo "2816"]
[PlyCount "111"]
[EventDate "2012.09.24"]

1. e4 g6 2. d4 c6 3. Nc3 Bg7 4. Bc4 d6 5. Bb3 Nf6 6. Nf3 O-O 7. O-O Bg4 8. h3
Bxf3 9. Qxf3 e6 10. Bg5 Nbd7 11. Rad1 Qc7 12. Qf4 a6 13. Ne2 Kh8 14. c3 Ng8 15.
Qd2 Rae8 16. Be3 Ndf6 17. f3 Rd8 18. g4 b5 19. Ng3 Nd7 20. h4 a5 21. h5 a4 22.
Bc2 e5 23. Kg2 exd4 24. cxd4 c5 25. Rh1 cxd4 26. hxg6 fxg6 27. Rxh7+ Kxh7 28.
Rh1+ Nh6 29. Bxh6 Rh8 30. e5 Nxe5 31. Be4 d5 32. Bxg6+ Kg8 33. Bf5 Rd6 34. Bxg7
Qxg7 35. Nh5 Nc4 36. Be6+ Rxe6 37. Nxg7 Nxd2 38. Nxe6 Rxh1 39. Kxh1 Nxf3 40.
Kg2 Ne5 41. Nxd4 Nxg4 42. Nxb5 Ne3+ 43. Kf3 Nc4 44. Nc3 Nxb2 45. Nxd5 Kf7 46.
Ke4 Ke6 47. Ne3 a3 48. Kd4 Kd6 49. Nc2 Na4 50. Nxa3 Kc6 51. Nc4 Kb5 52. a3 Kc6
53. Ne5+ Kb5 54. Nc4 Kc6 55. Ne5+ Kb5 56. Nc4 1/2-1/2

[Event "28th European Club Cup Eilat"]
[Site "?"]
[Date "2012.10.11"]
[Round "1"]
[White "Radjabov, Teimour"]
[Black "Ivanchuk, Vassily"]
[Result "1/2-1/2"]
[WhiteElo "2792"]
[BlackElo "2771"]
[PlyCount "129"]
[EventDate "2012.??.??"]
[WhiteTeam "SOCAR Azerbaijan"]
[BlackTeam "Ashdod"]

1. Nf3 b6 2. e4 Bb7 3. Nc3 e6 4. d4 Bb4 5. Bd3 Nf6 6. Qe2 d5 7. e5 Ne4 8. O-O
Nxc3 9. bxc3 Bxc3 10. Rb1 Nc6 11. Be3 Nb4 12. Bb5+ c6 13. a3 cxb5 14. axb4 Qd7
15. Rb3 Rc8 16. Bd2 Bxd2 17. Qxd2 Rc4 18. Ra1 a6 19. Ne1 Qe7 20. Rab1 O-O 21.
Rg3 f5 22. exf6 Qxf6 23. c3 e5 24. Nd3 e4 25. Ne5 Rc7 26. Ra1 Bc8 27. Re3 Qg5
28. Qa2 Qd8 29. Rae1 Kh8 30. f3 exf3 31. Nxf3 Rcf7 32. Re5 h6 33. Qxd5 Qxd5 34.
Rxd5 Bb7 35. Rd6 Bxf3 36. gxf3 Rxf3 37. Rxb6 Rxc3 38. Rxa6 Rc2 39. Rf1 Rxf1+
40. Kxf1 Rxh2 41. Rb6 Rd2 42. Rxb5 Rxd4 43. Ke2 Kh7 44. Ke3 Rg4 45. Kd3 Kg6 46.
Rb6+ Kg5 47. b5 h5 48. Rd6 Rg1 49. Rd5+ Kg4 50. Rd4+ Kf3 51. Rb4 Rd1+ 52. Kc2
Rd7 53. b6 Rb7 54. Kd1 g5 55. Ke1 Kg2 56. Rb2+ Kg1 57. Ke2 g4 58. Ke3 g3 59.
Kf3 h4 60. Kg4 g2 61. Kh3 Kf1 62. Rxg2 Rxb6 63. Rg4 Rh6 64. Rxh4 Rxh4+ 65. Kxh4
1/2-1/2

[Event "28th European Club Cup Eilat"]
[Site "?"]
[Date "2012.10.11"]
[Round "1"]
[White "Topalov, Veselin"]
[Black "Eljanov, Pavel"]
[Result "0-1"]
[WhiteElo "2751"]
[BlackElo "2681"]
[PlyCount "148"]
[EventDate "2012.??.??"]
[WhiteTeam "SOCAR Azerbaijan"]
[BlackTeam "Ashdod"]

1. Nf3 d5 2. d4 Nf6 3. c4 c6 4. e3 Bg4 5. h3 Bh5 6. Nc3 e6 7. g4 Bg6 8. Ne5
Nbd7 9. Nxg6 hxg6 10. Bd2 g5 11. Qb3 Qc7 12. Bg2 Be7 13. cxd5 exd5 14. O-O-O
Nb6 15. e4 Nxe4 16. Nxe4 dxe4 17. Rhe1 Nd5 18. Rxe4 O-O-O 19. Qa4 Kb8 20. Ba5
Nb6 21. Qb3 Bf6 22. Kb1 Rd5 23. Bb4 Rhd8 24. Bc5 R5d7 25. Bf1 Be7 26. Rde1 Bxc5
27. dxc5 Nd5 28. a3 Nf4 29. Ka2 f6 30. Re8 Ng6 31. R1e6 Ne5 32. Ba6 Kc8 33. Bc4
Rxe8 34. Rxe8+ Rd8 35. Re6 Rd4 36. Re8+ Rd8 37. Re6 Kb8 38. Qc3 a6 39. Be2 Ka7
40. Bc4 Rd1 41. Re8 Qd7 42. Rg8 Nd3 43. Bxd3 Rxd3 44. Qc4 Rxh3 45. Rf8 Rd3 46.
Rf7 Qd4 47. Qxd4 Rxd4 48. f3 a5 49. Rxg7 Rf4 50. Rf7 Rxf3 51. a4 Rf4 52. Ka3
Kb8 53. Rf8+ Kc7 54. Rf7+ Kc8 55. b3 Rxg4 56. Rxf6 Rf4 57. Rg6 g4 58. Rg7 Rb4
59. Kb2 Kd8 60. Kc3 Ke8 61. Rh7 Kf8 62. Kd2 Rxb3 63. Rh8+ Kf7 64. Ra8 Ke6 65.
Rxa5 Kd5 66. Ra7 Kxc5 67. a5 g3 68. Ke2 Kc4 69. a6 bxa6 70. Rxa6 c5 71. Rg6 Kb4
72. Rg4+ c4 73. Kd1 Rb1+ 74. Kc2 Rg1 0-1

[Event "28th European Club Cup Eilat"]
[Site "?"]
[Date "2012.10.11"]
[Round "1"]
[White "Smirin, Ilia"]
[Black "Grischuk, Alexander"]
[Result "1/2-1/2"]
[WhiteElo "2638"]
[BlackElo "2752"]
[PlyCount "65"]
[EventDate "2012.??.??"]
[WhiteTeam "Ashdod"]
[BlackTeam "SOCAR Azerbaijan"]

1. e4 e5 2. Nf3 Nc6 3. Bb5 Nf6 4. O-O Nxe4 5. Re1 Nd6 6. Nxe5 Be7 7. Bf1 Nxe5
8. Rxe5 O-O 9. d4 Bf6 10. Re1 Re8 11. Rxe8+ Nxe8 12. c3 d5 13. Bd3 c6 14. Bf4
g6 15. Nd2 Ng7 16. h3 Bf5 17. Nf3 Qb6 18. Bxf5 Nxf5 19. Qe2 Ng7 20. Be5 Re8 21.
Qc2 Qd8 22. Re1 Bxe5 23. Rxe5 Rxe5 24. Nxe5 Nf5 25. Nd3 Qe7 26. Kf1 f6 27. Qe2
Kf7 28. Qxe7+ Kxe7 29. Ke2 Nd6 30. Kf3 Kd7 31. Ke2 Ke7 32. Kf3 Kf7 33. Ke2
1/2-1/2

[Event "28th European Club Cup Eilat"]
[Site "?"]
[Date "2012.10.11"]
[Round "1"]
[White "Roiz, Michael"]
[Black "Leko, Peter"]
[Result "1/2-1/2"]
[WhiteElo "2618"]
[BlackElo "2734"]
[PlyCount "62"]
[EventDate "2012.??.??"]
[WhiteTeam "Beer Sheba"]
[BlackTeam "SHSM-64"]

1. c4 c5 2. Nf3 Nf6 3. Nc3 Nc6 4. e3 e6 5. d4 d5 6. cxd5 Nxd5 7. Bc4 cxd4 8.
exd4 Be7 9. O-O O-O 10. Re1 Bf6 11. Ne4 Be7 12. Nc3 Bf6 13. Ne4 Be7 14. a3 Qb6
15. Qd3 Rd8 16. b4 a6 17. Bd2 Bd7 18. Neg5 g6 19. h4 Bf6 20. Ne4 Bg7 21. Bg5
Re8 22. Nc5 Qc7 23. Rac1 h6 24. Bd2 h5 25. Bg5 Rac8 26. Qd2 Ra8 27. Ne4 Rac8
28. Nc5 Ra8 29. Ne4 Rac8 30. Nc5 Ra8 31. Ne4 Rac8 1/2-1/2

[Event "28th European Club Cup Eilat"]
[Site "?"]
[Date "2012.10.11"]
[Round "1"]
[White "Huzman, Alexander"]
[Black "Riazantsev, Alexander"]
[Result "1/2-1/2"]
[WhiteElo "2591"]
[BlackElo "2712"]
[PlyCount "81"]
[EventDate "2012.??.??"]
[WhiteTeam "Beer Sheba"]
[BlackTeam "SHSM-64"]

1. c4 e6 2. Nc3 Bb4 3. Qb3 Nc6 4. Nf3 Nf6 5. g3 d5 6. Bg2 d4 7. Na4 O-O 8. O-O
Be7 9. d3 e5 10. e3 Rb8 11. exd4 exd4 12. Re1 h6 13. a3 Bf5 14. Qc2 a5 15. Bd2
Nd7 16. h3 Bh7 17. Rab1 Bf6 18. b4 axb4 19. axb4 b6 20. Bf4 Ne7 21. g4 b5 22.
cxb5 Nd5 23. Bd2 N7b6 24. Nc5 Nc3 25. Bxc3 dxc3 26. Ne4 Nd5 27. Nxf6+ Qxf6 28.
Ne5 Nf4 29. Nd7 Qd4 30. Nxb8 Rxb8 31. Rb3 Nxd3 32. Rd1 Nf4 33. Qxh7+ Kxh7 34.
Rxd4 Ne2+ 35. Kh2 Nxd4 36. Rxc3 Nxb5 37. Rc5 g5 38. h4 Nd6 39. hxg5 hxg5 40.
Rxg5 Rxb4 41. Rc5 1/2-1/2

[Event "28th European Club Cup Eilat"]
[Site "?"]
[Date "2012.10.11"]
[Round "1"]
[White "Georgiev, Kiril"]
[Black "Nepomniashtchi, Ian"]
[Result "1/2-1/2"]
[WhiteElo "2668"]
[BlackElo "2704"]
[PlyCount "61"]
[EventDate "2012.??.??"]
[WhiteTeam "Obiettive Risarcimento"]
[BlackTeam "Economist"]

1. Nf3 c5 2. c4 Nc6 3. Nc3 e5 4. e3 Nf6 5. Be2 d5 6. d4 exd4 7. exd4 cxd4 8.
Nxd4 dxc4 9. Nxc6 Qxd1+ 10. Nxd1 bxc6 11. Bxc4 Bb4+ 12. Bd2 Bxd2+ 13. Kxd2 Ne4+
14. Kc1 Bf5 15. f3 Nd6 16. Re1+ Kd7 17. Bb3 f6 18. Nc3 Rad8 19. Kd2 Nb5 20.
Nxb5 cxb5 21. Rac1 Kd6 22. g4 Bd7 23. Re4 Bc6 24. Re6+ Kc7+ 25. Ke3 Rd6 26.
Re7+ Rd7 27. Re6 Rd6 28. Re7+ Rd7 29. Re6 Rd6 30. Re7+ Rd7 31. Re6 1/2-1/2

[Event "28th European Club Cup Eilat"]
[Site "?"]
[Date "2012.10.11"]
[Round "1"]
[White "Bellini, Fabio"]
[Black "Tomashevsky, Evgeny"]
[Result "0-1"]
[WhiteElo "2492"]
[BlackElo "2720"]
[PlyCount "60"]
[EventDate "2012.??.??"]
[WhiteTeam "Obiettive Risarcimento"]
[BlackTeam "Economist"]

1. e4 e5 2. Nf3 Nc6 3. Bc4 Nf6 4. d3 Bc5 5. Nc3 d6 6. Bg5 h6 7. Bxf6 Qxf6 8.
Nd5 Qd8 9. c3 a6 10. d4 exd4 11. cxd4 Ba7 12. h3 O-O 13. Rc1 Re8 14. O-O Rxe4
15. Bd3 Re8 16. Bb1 g6 17. Qd2 Kg7 18. Rfe1 Be6 19. Nf4 Bd7 20. Rxe8 Qxe8 21.
Re1 Qf8 22. Qc3 Re8 23. d5+ Ne5 24. Rxe5 dxe5 25. Nxe5 Qc5 26. Nc4+ Qd4 27. Qg3
Qxf2+ 28. Qxf2 Re1+ 29. Kh2 Bxf2 30. Bc2 Bb5 0-1

[Event "28th European Club Cup Eilat"]
[Site "?"]
[Date "2012.10.11"]
[Round "1"]
[White "Moiseenko, Alexander"]
[Black "Collutiis, Duilio"]
[Result "1-0"]
[WhiteElo "2700"]
[BlackElo "2501"]
[PlyCount "55"]
[EventDate "2012.??.??"]
[WhiteTeam "Economist"]
[BlackTeam "Obiettive Risarcimento"]

1. d4 d5 2. c4 c6 3. Nf3 Nf6 4. Nc3 dxc4 5. a4 Bf5 6. Nh4 Bd7 7. e4 e6 8. Bxc4
Nxe4 9. Nxe4 Qxh4 10. Qf3 f5 11. Ng5 Qxd4 12. Qh5+ g6 13. Qe2 Bb4+ 14. Kf1 Be7
15. h4 h6 16. Nf3 Qg7 17. Bf4 g5 18. Be5 Bf6 19. Bxf6 Qxf6 20. hxg5 hxg5 21.
Rxh8+ Qxh8 22. Bxe6 Kd8 23. Kg1 Qf6 24. Rd1 Kc7 25. Nd4 c5 26. Qc4 Bxa4 27.
Qxc5+ Nc6 28. Nb5+ 1-0